000 01606nam a2200361Ia 4500
001 ebr10305875
003 CaPaEBR
006 m u
007 cr cn|||||||||
008 091019s2009 cau sb 000 0 eng d
020 _z9781607800057
020 _z9781607800774
040 _aCaPaEBR
_cCaPaEBR
035 _a(OCoLC)503050718
050 1 4 _aK1401
_b.S528 2009eb
100 1 _aShippey, Karla C.,
_d1957-
245 1 2 _aA short course in international intellectual property rights
_h[electronic resource] :
_bprotecting your brands, marks, copyrights, patents, designs, and related rights worldwide /
_cKarla C. Shippey.
246 3 0 _aInternational intellectual property rights
246 3 0 _aProtecting your brands, marks, copyrights, patents, designs, and related rights worldwide
250 _a3rd ed.
260 _aPetaluma, CA :
_bWorld Trade Press,
_cc2009.
300 _aviii, 187 p.
490 1 _aThe short course in international trade series
504 _aIncludes bibliographical references (p. 187).
504 _aIncludes web resources.
533 _aElectronic reproduction.
_bPalo Alto, Calif. :
_cebrary,
_d2009.
_nAvailable via World Wide Web.
_nAccess may be limited to ebrary affiliated libraries.
650 0 _aIntellectual property (International law)
650 0 _aPatents (International law)
655 7 _aElectronic books.
_2local
710 2 _aebrary, Inc.
830 0 _aShort course in international trade series.
856 4 0 _uhttp://site.ebrary.com/lib/rucke/Doc?id=10305875
_zAn electronic book accessible through the World Wide Web; click to view
999 _c174982
_d174982